[Event "AUTO-INT-2108"]
[Site "http://www.queenalice.com/game.php?id=969789"]
[Date "2011.8.7"]
[Round "1"]
[White "casacudoman"]
[Black "Prestow"]
[Result "1-0"]
[WhiteElo "1674"]
[BlackElo "1740"]

1. e4 c5 2. Bc4 e5 3. Nf3 Nc6 4. Nc3 Nf6 5. Ng5 d5 6. Bb5 a6 7. Bd3 Nd4 8. O-O
c4 9. Be2 b5 10. Bh5 Be6 11. d3 h6 12. Nxe6 Nxe6 13. exd5 Nxd5 14. Qf3 Ndf4 15.
Bxf4 Nxf4 16. Qc6+ Ke7 17. Qb7+ Ke8 18. Qxf7# 1-0

[Event "AUTO-INT-2108"]
[Site "http://www.queenalice.com/game.php?id=969804"]
[Date "2011.8.7"]
[Round "1"]
[White "casacudoman"]
[Black "jinkosya"]
[Result "1-0"]
[WhiteElo "1678"]
[BlackElo "1256"]

1. e4 e5 2. Nf3 Nc6 3. Bc4 Nf6 4. Nc3 Nb4 5. Nxe5 Qe7 6. d4 d6 7. Nxf7 Rg8 8.
O-O Be6 9. Bxe6 Qxe6 10. Ng5 Qd7 11. e5 dxe5 12. Re1 O-O-O 13. Rxe5 Bd6 14. Ra5
Nc6 15. Ra4 Rge8 16. d5 Ne5 17. Rxa7 Qf5 18. Ne6 Rd7 19. Ra8# 1-0

[Event "AUTO-INT-2108"]
[Site "http://www.queenalice.com/game.php?id=969805"]
[Date "2011.8.7"]
[Round "1"]
[White "jinkosya"]
[Black "casacudoman"]
[Result "0-1"]
[WhiteElo "1261"]
[BlackElo "1680"]

1. Nf3 Nf6 2. Nc3 d5 3. d4 Bf5 4. Nh4 e6 5. Bg5 Nc6 6. e3 Nb4 7. Bb5+ c6 8. Ba4
Be7 9. Nf3 b5 10. Bb3 a5 11. a4 c5 12. dxc5 Bxc5 13. Nxb5 O-O 14. Ne5 h6 15.
Bxf6 gxf6 16. Nd3 Na6 17. O-O Kh7 18. Qh5 Be4 19. Nf4 Bd6 20. Nc3 Rg8 21. Qxf7+
Rg7 22. Qxe6 Bxf4 23. Nxd5 Rxg2+ 24. Kh1 Rxh2+ 25. Kg1 Qg8+ 26. Qg4 Qxg4# 0-1

[Event "AUTO-INT-2108"]
[Site "http://www.queenalice.com/game.php?id=969807"]
[Date "2011.8.7"]
[Round "1"]
[White "Wecker"]
[Black "casacudoman"]
[Result "0-1"]
[WhiteElo "1406"]
[BlackElo "1686"]

1. d4 d5 2. c4 Nf6 3. cxd5 Qxd5 4. Nc3 Qa5 5. Bd2 Qb6 6. Qc2 Qxd4 7. Nf3 Qd7 8.
e4 c6 9. Bc4 Qg4 10. O-O Nxe4 11. Nxe4 Bf5 12. Rfe1 Qg6 0-1

[Event "Challenge"]
[Site "http://www.queenalice.com/game.php?id=976794"]
[Date "2011.8.25"]
[Round "-"]
[White "casacudoman"]
[Black "WeffersoN_1988"]
[Result "0-1"]
[WhiteElo "1697"]
[BlackElo "1777"]

1. e4 e5 2. Nf3 f6 3. Bc4 Bc5 4. Nc3 Ne7 5. Nh4 d6 6. Qf3 a6 7. Qg3 g5 8. Nf5
Nxf5 9. exf5 Bxf5 10. Bd5 c6 11. Bf3 Bxc2 12. Bh5+ Bg6 13. Qg4 Qd7 14. Qe2 a5
15. Bg4 Qf7 16. d3 h5 17. Bc8 O-O 18. Bh3 g4 19. Bh6 gxh3 20. Bxf8 hxg2 21. Rg1
Kxf8 22. Rxg2 Na6 23. a3 Bd4 24. Na4 b5 25. Nc3 Nc5 26. Qf3 d5 27. Qd1 Nxd3+ 28.
Kf1 Nxb2 29. Qc1 Nc4 30. Qh6+ Qg7 31. Rxg6 Qxh6 32. Rxh6 Bxc3 33. Re1 Bxe1 34.
Kxe1 Nxa3 35. Rh8+ Ke7 36. Rxa8 a4 37. Rh8 Nc4 38. Rxh5 a3 39. Rh7+ Kd6 40. Kd1
d4 41. Kc2 e4 42. Kb3 d3 43. Ra7 Kc5 44. h4 d2 45. Rd7 b4 46. h5 Nd6 47. Kc2 a2
48. Ra7 b3+ 49. Kxd2 b2 50. h6 a1=Q 51. h7 Qc1+ 52. Ke2 Qc2+ 53. Kf1 b1=Q+ 54.
Kg2 e3 55. Ra5+ Nb5 56. Kg3 Qxf2+ 57. Kg4 Qbg1+ 58. Kh5 Qfh2# 0-1

[Event "AUTO-ADV-2267"]
[Site "http://www.queenalice.com/game.php?id=980822"]
[Date "2011.9.3"]
[Round "1"]
[White "miltonlovisk"]
[Black "casacudoman"]
[Result "1-0"]
[WhiteElo "2019"]
[BlackElo "1644"]

1. e4 e5 2. Nf3 Nc6 3. d4 Bb4+ 4. c3 Ba5 5. a4 Nf6 6. b4 Bb6 7. a5 Nxe4 8. axb6
exd4 9. Qe2 Qe7 10. cxd4 cxb6 11. Ba3 b5 12. Qe3 Nxd4 13. Nxd4 O-O 14. f3 Qh4+
15. g3 Nxg3 16. Qf2 Qe7+ 17. Be2 Nxh1 18. Qg2 Qh4+ 19. Kf1 Qxd4 20. Ra2 Qd5 21.
Rb2 Qe5 22. Qxh1 d6 23. Qg2 Re8 24. Rd2 Bf5 25. Bb2 Bh3 26. Qxh3 Qe7 27. Qg3 g6
28. Qxd6 Qh4 29. Qd4 Qxd4 30. Rxd4 Rad8 31. Bxb5 Rxd4 32. Bxd4 Rd8 33. Bxa7 Rd1+
34. Kg2 Rxb1 35. Bc5 Rb2+ 36. Kg3 b6 37. Bd6 Rd2 38. Be7 Rd5 39. Bc6 Rd4 40. b5
h5 41. Bf6 Rb4 42. Bd8 Kh7 43. Bxb6 Kh6 44. Bd8 g5 45. b6 Rb3 46. b7 g4 47. Bc7
Kg5 48. b8=Q h4+ 49. Kg2 h3+ 50. Kg3 Rxb8 51. f4+ Kh5 52. Bxb8 f5 53. Be8+ Kh6
54. Kh4 Kg7 55. Kg5 g3 56. hxg3 h2 57. Bc6 Kf7 58. Kxf5 Ke7 59. Kg4 Kd8 60. Kh3
Kc8 61. Be5 h1=Q+ 62. Bxh1 Kd7 63. f5 Ke7 64. g4 Kf7 65. Kh4 Ke7 66. g5 Kf7 67.
Bd5+ Ke7 68. f6+ Kf8 69. g6 Ke8 70. g7 Kd7 71. g8=B Kc8 72. f7 Kd7 73. f8=R Ke7
74. Rf7+ Kd8 75. Bf6+ Kc8 76. Be6+ Kb8 77. Be5+ 1-0

[Event "AUTO-ADV-2267"]
[Site "http://www.queenalice.com/game.php?id=980823"]
[Date "2011.9.3"]
[Round "1"]
[White "casacudoman"]
[Black "miltonlovisk"]
[Result "0-1"]
[WhiteElo "1702"]
[BlackElo "1865"]

1. e4 e5 2. Nf3 Qf6 3. Bc4 Bc5 4. Nc3 c6 5. Na4 Bd6 6. Nc3 h6 7. d4 Ne7 8. g4 g5
9. h4 exd4 10. Nxd4 Bc5 11. Be3 gxh4 12. Na4 d6 13. Qe2 Bxd4 14. O-O-O Bxe3+ 15.
Qxe3 Bxg4 16. e5 dxe5 17. Rd2 b5 18. Bxb5 cxb5 19. Qe4 Bf3 20. Qxh4 Qxh4 21.
Rxh4 bxa4 22. Rd3 e4 23. Ra3 Nbc6 24. Rxa4 Rd8 25. c3 Rd1+ 26. Kc2 Rf1 27. Rh2
Bd1+ 28. Kd2 Bxa4 29. b3 Bb5 30. c4 Ba6 31. a3 Ne5 32. Ke3 Ng4+ 0-1

[Event "AUTO-ADV-2267"]
[Site "http://www.queenalice.com/game.php?id=980834"]
[Date "2011.9.3"]
[Round "1"]
[White "Cuti"]
[Black "casacudoman"]
[Result "1-0"]
[WhiteElo "1833"]
[BlackElo "1653"]

1. e4 e5 2. Nf3 Qe7 3. d4 Nf6 4. d5 Qb4+ 5. Nbd2 Nxe4 6. c3 Qa5 7. Nxe4 d6 8. b4
Qb6 9. Be3 c5 10. bxc5 dxc5 11. Nxe5 Bd6 12. Nc4 Qd8 13. Ncxd6+ Kf8 14. Bxc5 Kg8
15. Qf3 f6 16. Qh5 Nd7 17. Qf7# 1-0

[Event "AUTO-ADV-2267"]
[Site "http://www.queenalice.com/game.php?id=980835"]
[Date "2011.9.3"]
[Round "1"]
[White "casacudoman"]
[Black "Cuti"]
[Result "1-0"]
[WhiteElo "1642"]
[BlackElo "1831"]

1. e4 d5 2. e5 c5 3. Bb5+ Bd7 4. Qe2 a6 5. Bxd7+ Nxd7 6. e6 Nb6 7. Nf3 f6 8. O-O
Qd6 9. Re1 Nc4 10. d3 Ne5 11. Nxe5 fxe5 12. Qxe5 Qxe5 13. Rxe5 O-O-O 14. c4 Nf6
15. h3 b6 16. Nc3 1-0

[Event "AUTO-ADV-2267"]
[Site "http://www.queenalice.com/game.php?id=980840"]
[Date "2011.9.3"]
[Round "1"]
[White "dorszu"]
[Black "casacudoman"]
[Result "1-0"]
[WhiteElo "1700"]
[BlackElo "1700"]

1. d4 d5 2. c4 dxc4 3. Nc3 g6 4. e4 Be6 5. d5 Bd7 6. Bxc4 Nf6 7. Qb3 b6 8. e5
Bg4 9. exf6 exf6 10. h3 Qe7+ 11. Nge2 Bf5 12. O-O Nd7 13. Nd4 Qc5 14. Re1+ Kd8
15. Nxf5 gxf5 16. d6 Bxd6 17. Bxf7 Ne5 18. Bd5 Nd3 19. Re3 Nf4 20. Bxa8 Kd7 21.
Qf7+ Be7 22. Bf3 Re8 23. Bd2 Ng6 24. Qxh7 Nf8 25. Qh5 Rd8 26. Rae1 c6 27. Rxe7+
Kc8 28. Bf4 Nd7 29. Re8 Rxe8 30. Qxe8+ Kb7 31. Qxd7+ Ka6 32. Be2+ b5 33. Qc8+
Ka5 34. Be3 Qxe3 35. fxe3 Kb6 36. h4 b4 37. Na4+ Ka5 38. Qa6# 1-0

[Event "AUTO-ADV-2267"]
[Site "http://www.queenalice.com/game.php?id=980841"]
[Date "2011.9.3"]
[Round "1"]
[White "casacudoman"]
[Black "dorszu"]
[Result "0-1"]
[WhiteElo "1684"]
[BlackElo "1727"]

1. e4 e5 2. Bc4 Nf6 3. d4 exd4 4. Qxd4 Nc6 5. Qe3 b6 6. e5 Ng4 7. Qe4 Ngxe5 8.
Nf3 Qf6 9. Bd5 Bb7 10. Nxe5 Qxe5 11. Qxe5+ Nxe5 12. Bxb7 Rb8 13. Ba6 Bc5 14. Bf4
d6 15. O-O O-O 16. Bxe5 dxe5 17. Re1 Rfe8 18. Nd2 Rbd8 19. Bb5 Re7 20. Rad1 h5
21. Re4 f5 22. Rh4 g6 23. c3 Kf7 24. b4 Bd6 25. g3 Kf6 26. a4 e4 27. Nc4 Ke6 28.
Nxd6 Rxd6 29. Rxd6+ Kxd6 30. a5 c6 31. Ba4 b5 32. Bb3 Ke5 33. f4+ Kf6 34. a6 Rd7
35. c4 bxc4 36. Bxc4 Rd4 37. Ba2 Rxb4 38. g4 fxg4 39. f5 Kxf5 40. Kf2 Rb2+ 41.
Ke3 Rxa2 42. Kd4 Kg5 43. Kxe4 Kxh4 44. Ke5 Kh3 45. Kf6 Kxh2 46. Kxg6 h4 47. Kg5
Kh3 0-1

[Event "AUTO-INT-2135"]
[Site "http://www.queenalice.com/game.php?id=980874"]
[Date "2011.9.3"]
[Round "1"]
[White "wandi"]
[Black "casacudoman"]
[Result "0-1"]
[WhiteElo "1493"]
[BlackElo "1684"]

1. e4 e5 2. Nf3 Nc6 3. Bc4 Bc5 4. O-O Nh6 5. d3 d6 6. Nc3 Bg4 7. Bg5 f6 8. Bh4
Bxf3 9. Qxf3 Qd7 10. Nd5 Nd4 11. Nxf6+ gxf6 12. Qxf6 Ne2+ 13. Kh1 Nf7 14. Bb5 c6
15. Bc4 Nf4 16. Bxf7+ Qxf7 17. Qxh8+ Qf8 0-1

[Event "AUTO-INT-2135"]
[Site "http://www.queenalice.com/game.php?id=980875"]
[Date "2011.9.3"]
[Round "1"]
[White "casacudoman"]
[Black "celtiberio"]
[Result "0-1"]
[WhiteElo "1664"]
[BlackElo "1935"]

1. e4 c6 2. Bc4 e6 3. Nf3 d5 4. Bb3 dxe4 5. Ne5 Qd4 6. Nc4 b5 7. c3 Qc5 8. d4
exd3 9. Be3 Qd5 10. Nb6 Qxg2 11. Qxd3 Qxh1+ 12. Ke2 axb6 13. Bxb6 Nd7 14. Bd4 c5
15. Bxc5 Nxc5 16. Qxb5+ Bd7 17. Qc4 Qc1 0-1

[Event "AUTO-INT-2135"]
[Site "http://www.queenalice.com/game.php?id=980876"]
[Date "2011.9.3"]
[Round "1"]
[White "celtiberio"]
[Black "casacudoman"]
[Result "1-0"]
[WhiteElo "1904"]
[BlackElo "1684"]

1. e4 e5 2. Nf3 Qe7 3. Nc3 Nf6 4. Be2 Nc6 5. d4 exd4 6. Nxd4 Nxe4 7. Nd5 Qd6 8.
Nb5 Qg6 9. Nbxc7+ Kd8 10. Nf4 Bb4+ 11. Kf1 Qf6 12. Nxa8 Bc5 13. f3 Nf2 14. Qd5
b6 15. Nd3 Nxh1 16. Bg5 1-0

[Event "AUTO-INT-2135"]
[Site "http://www.queenalice.com/game.php?id=980877"]
[Date "2011.9.3"]
[Round "1"]
[White "casacudoman"]
[Black "cynnara"]
[Result "0-1"]
[WhiteElo "1684"]
[BlackElo "1913"]

1. e4 e5 2. Nf3 Nc6 3. Bc4 Nf6 4. Ng5 d5 5. exd5 Na5 6. Bb5+ c6 7. dxc6 bxc6 8.
Qf3 Be7 9. O-O O-O 10. Bxc6 Bg4 11. Qc3 Rc8 12. Qd3 Nxc6 13. f3 Qxd3 14. cxd3
Bf5 15. Nc3 Bxd3 16. Rf2 Bc5 17. Nge4 Nxe4 18. fxe4 f5 19. Na4 Bxf2+ 20. Kxf2
fxe4+ 21. Ke3 Nd4 22. Nc5 Nc2# 0-1

[Event "AUTO-INT-2135"]
[Site "http://www.queenalice.com/game.php?id=980878"]
[Date "2011.9.3"]
[Round "1"]
[White "cynnara"]
[Black "casacudoman"]
[Result "1-0"]
[WhiteElo "1949"]
[BlackElo "1692"]

1. d4 d5 2. c4 dxc4 3. Nf3 Bf5 4. Nc3 e6 5. e4 Bg4 6. Bxc4 Nf6 7. O-O Bd6 8. e5
Bxe5 9. Qa4+ Nfd7 10. Nxe5 c6 11. Nxg4 b5 12. Nxb5 cxb5 13. Qxb5 a6 14. Qb7 Nc6
15. Qxc6 O-O 16. Qe4 Qh4 17. Nh6+ Qxh6 18. Bxh6 gxh6 19. Rae1 Rae8 20. Bd3 f5
21. Qc6 Rf7 22. Bxf5 Rfe7 23. Bxe6+ Rxe6 24. Rxe6 Rxe6 25. Qxe6+ 1-0

[Event "AUTO-INT-2141"]
[Site "http://www.queenalice.com/game.php?id=983804"]
[Date "2011.9.11"]
[Round "1"]
[White "saucissonsec"]
[Black "casacudoman"]
[Result "0-1"]
[WhiteElo "1509"]
[BlackElo "1691"]

1. d4 d5 2. e3 f5 3. Nf3 Nh6 4. Nc3 e6 5. Bd3 Bb4 6. Bd2 Nc6 7. O-O g5 8. h3 g4
9. hxg4 Nxg4 10. Nb5 Bd6 11. c4 a6 12. Nxd6+ Qxd6 13. b4 h5 14. c5 Qe7 15. Bc3
h4 16. Ne5 Ncxe5 17. dxe5 h3 18. Be2 Qh4 0-1

[Event "AUTO-INT-2141"]
[Site "http://www.queenalice.com/game.php?id=983805"]
[Date "2011.9.11"]
[Round "1"]
[White "casacudoman"]
[Black "saucissonsec"]
[Result "1/2-1/2"]
[WhiteElo "1670"]
[BlackElo "1526"]

1. e4 e6 2. e5 d6 3. Qe2 Nd7 4. Nf3 c5 5. d3 dxe5 6. Nxe5 Nxe5 7. Qxe5 Nf6 8. d4
Bd6 9. Qe3 cxd4 10. Qxd4 O-O 11. Bg5 e5 12. Qc3 Qe7 13. Qg3 e4 14. f4 h6 15.
Bxh6 g6 16. Bxf8 Qxf8 17. Qh4 Be7 18. f5 Bxf5 19. Be2 Nh5 20. Qf2 Bc5 21. Qh4
Bd4 22. Nc3 Qb4 23. g4 Qxb2 24. Nb5 Qxa1+ 25. Kd2 Qxh1 26. Nxd4 Re8 27. gxf5 e3+
28. Kc3 a6 29. fxg6 Qe4 30. gxf7+ Kxf7 1/2-1/2

[Event "AUTO-INT-2141"]
[Site "http://www.queenalice.com/game.php?id=983818"]
[Date "2011.9.11"]
[Round "1"]
[White "moira"]
[Black "casacudoman"]
[Result "0-1"]
[WhiteElo "1337"]
[BlackElo "1693"]

1. e4 e5 2. Nf3 Nc6 3. d3 d5 4. Bg5 f6 5. Be3 d4 6. Bd2 Bb4 7. a3 Bd6 8. Be2 Nh6
9. Nh4 O-O 10. Nf5 Bxf5 11. exf5 Nxf5 12. g4 Nh4 13. Bb4 a5 14. Bxd6 Qxd6 15.
Nd2 Ng2+ 16. Kf1 Qd5 17. Bf3 Ne3+ 18. fxe3 Qd8 19. g5 fxg5 20. e4 g4 21. h4 gxf3
22. Nxf3 Qd7 23. b4 axb4 24. a4 Qg4 25. Ke2 Qxf3+ 26. Kd2 Qe3# 0-1

[Event "AUTO-INT-2141"]
[Site "http://www.queenalice.com/game.php?id=983819"]
[Date "2011.9.11"]
[Round "1"]
[White "casacudoman"]
[Black "moira"]
[Result "1-0"]
[WhiteElo "1695"]
[BlackElo "1307"]

1. e4 e5 2. Nf3 Nf6 3. d4 d6 4. d5 Nxe4 5. Bb5+ Bd7 6. Qe2 Nf6 7. Bg5 h6 8. Bxf6
Qxf6 9. Bxd7+ Nxd7 10. Qb5 Qf4 11. O-O a6 12. Qxb7 e4 13. Qxa8+ Ke7 14. Re1 Ne5
15. Nxe5 Qxe5 16. Nc3 Kf6 17. Rxe4 Qf5 18. g4 Qg5 19. Qd8+ Kg6 20. Qxg5+ hxg5
21. Re8 c5 22. Ne4 f6 23. c4 f5 24. gxf5+ Kxf5 25. Nxd6+ Bxd6 26. Rxh8 Ke4 27.
Re1+ Kd4 28. b3 Kc3 29. Rh5 Bf4 30. Rh7 Bd2 31. Re2 Kc2 32. d6 a5 33. d7 Kb2 34.
Rxd2+ Ka3 35. d8=Q 1-0

[Event "AUTO-INT-2141"]
[Site "http://www.queenalice.com/game.php?id=983827"]
[Date "2011.9.11"]
[Round "1"]
[White "casacudoman"]
[Black "sorim"]
[Result "0-1"]
[WhiteElo "1664"]
[BlackElo "1798"]

1. e4 c5 2. Bc4 e6 3. Nf3 Nc6 4. Qe2 Nf6 5. e5 d5 6. Bb5 Nd7 7. d3 Qa5+ 8. Nc3
d4 9. Bxc6 bxc6 10. O-O dxc3 11. Qe4 Be7 12. Qxc6 Rb8 13. Ng5 cxb2 14. Bxb2 Bb7
15. Qxe6 fxe6 16. Nxe6 Kf7 17. Nf4 Qb4 18. e6+ Kg8 19. Bxg7 Qxf4 20. Bxh8 Kxh8
21. exd7 Qf3 22. gxf3 Rg8+ 0-1